| 000 | 00678nam a22002177a 4500 | ||
|---|---|---|---|
| 999 |
_c14036 _d14036 |
||
| 003 | MIRAKIL | ||
| 005 | 20200915161641.0 | ||
| 008 | 200915b tu ||||| |||| 00| 0 tur d | ||
| 020 | _a9756295171 | ||
| 040 |
_aTR-AnCHP _btur _cTR-AnCHP |
||
| 041 | _atur | ||
| 082 |
_a823.34 _bL65t 2004 |
||
| 100 | _aLondon, Jack | ||
| 245 |
_aTanrılar ve köpekler/ _cJack London; çeviren Mirzahid Belged. |
||
| 260 |
_aİstanbul: _bKlas Yayınları, _c2004. |
||
| 300 |
_a158 s.: _c21 sm. |
||
| 490 | 0 |
_aKlas Yayınları; _aDünya Klasikleri; _aAmerikan Klasikleri; _v18. _v17. _v01. |
|
| 650 |
_aAmerikan edebiyatı _xRoman |
||
| 700 |
_aBelged, Mirzahid _96493 _eçev. |
||
| 942 |
_2ddc _cBKS |
||